| 000 | 00840nam a22002297a 4500 | ||
|---|---|---|---|
| 999 |
_c65034 _d65034 |
||
| 005 | 20240530110803.0 | ||
| 008 | 190115s2018 ua a g b 000 0 ara d | ||
| 017 |
_a2017/16685 _bمصر. دار الكتب |
||
| 020 | _a9789777357265 | ||
| 040 |
_aEG-CaGPL _cEG-CaGPL |
||
| 082 | 0 | 4 |
_221 _a796.312 \ _bف ع |
| 100 | 1 | _aفاضل طالب صبار الجنابى | |
| 245 | 1 | 2 |
_aالعصف الذهنى واثره على مهارات كرة اليد / _cفاضل طالب صبار الجنابى |
| 250 | _aط.1 | ||
| 260 |
_aالقاهرة : _bمؤسسة عالم الرياضة للنشر، _c 2018 . |
||
| 300 |
_a179 ص. ؛ _c24 سم. |
||
| 504 | _aيشتمل على ارجاعات ببليوجرافية | ||
| 650 | 0 | 7 |
_2qrmak _aكرة اليد |
| 651 | _2qrmak | ||
| 942 |
_2ddc _cBK |
||